00288nam a2200109Ia 4500008004100000041001200041082001100053100002300064245007900087260000600166650000600172221030s9999 xx 000 0 und d aEnglish a105.23 aA. K. Mukhopadhyay 0aMicroprocessor Microcomputer and Their Applicationscby A. K. Mukhopadhyay c0 aB